Guinness World Records: Urban Life - Statistics

General Stats
  • This quiz has been taken 17 times
  • The average score is 2 of 16
Answer Stats
Record # Answer % Correct
Largest capital city (by population) 37.5 million Tokyo
100%
Most popular city for tourism 20.05 million Bangkok
38%
Oldest continually inhabited city 9000 BCE Jericho
23%
Most expensive city to live in 116 Singapore
23%
Most expensive city for a weekend break $2,503 Copenhagen
8%
Least expensive city to live in 26 Damascus
8%
Most expensive city to rent in $3737 Hong Kong
8%
Smallest capital city (by population) 277 Melekeok
8%
Slowest growing city -1.35% Yichun
8%
Most expensive city to dine in $72.30 Zurich
8%
Shortest street 2.05m Ebenezer Place
0%
City with the worst air pollution 173 Kanpur
0%
Smallest park 60.96cm Mill Ends
0%
Highest permanent human settlement 5100m Mount Ananea
0%
Fastest growing city 9.35% Rupgani
0%
Longest street 1896km Yonge
0%
No matching quizzes found
Score Distribution
Percent of People with Each Score
Percentile by Number Answered
Your Score History
You have not taken this quiz